000 00914nam a2200253 a 4500
001 000022959
005 20250501115047.0
008 101123s1999 uy r 000 | spa d
020 _a0889368244
040 _aDO-SdBNP
_bspa
_cBNPHU
082 _a346.048
_bP855m
100 1 _aPosey, Darrell A.
_947208
245 1 0 _aMás allá de la propiedad intelectual :
_blos derechos de las comunidades indígenas y locales a los recursos tradicionales /
_cDarrell A. Posey, Graham Dutfield; traducción de Silvia Ribeiro.
260 _aMontevideo :
_bCIID,
_c1999.
534 _aTítulo original :
_tBeyond intellectual property
502 _aespañol
650 0 _aPropiedad intelectual
_947209
650 4 _aEtnobotánica
_947210
650 0 _aBiodiversidad
_947211
700 1 _aDutfield, Graham
_947212
700 1 _aRibeiro, Silvia
_etr.
_947213
830 0 _aBeyond intellectual property
_947214
049 _aBNGR
999 _c22456
_d22456